[Event "VIII Festival B"]
[Site "Amantea ITA"]
[Date "2010.09.01"]
[Round "4"]
[White "Vesce, Emanuele"]
[Black "Valotta, Massimiliano"]
[Result "1-0"]
[WhiteElo "1735"]
[BlackElo "1863"]
[PlyCount "111"]
[EventDate "2010.08.29"]

1. e4 e6 2. Nf3 d5 3. Nc3 d4 4. Ne2 Nc6 5. c3 Nf6 6. e5 d3 7. Ned4 Ng4 8. Nxc6
bxc6 9. Qa4 Nh6 10. Qxc6+ Bd7 11. Qc4 a6 12. Qxd3 Bc5 13. Qc2 Bc6 14. Be2 Nf5
15. d4 Bb6 16. Bd3 Bxf3 17. gxf3 Qd7 18. Rg1 g6 19. Bg5 Ra7 20. Bf6 Rg8 21.
O-O-O Qd5 22. Qa4+ Qd7 23. Qc4 Ne7 24. Qb3 Nd5 25. Bg5 Qc6 26. Kb1 Ba5 27. Qb8+
Kd7 28. Qxa7 Nxc3+ 29. bxc3 Qxc3 30. Bb5+ axb5 31. Qc5 Qxf3 32. Be3 Bb6 33.
Qxb5+ Kc8 34. Qd3 Qd5 35. Qb3 Qe4+ 36. Qd3 Qd5 37. Rd2 Kd7 38. Rb2 Kc8 39. Rc1
Kb7 40. Qb5 Qe4+ 41. Ka1 Rd8 42. Rbc2 Rc8 43. Qc6+ Qxc6 44. Rxc6 h5 45. Kb2 Rd8
46. Kb3 Rd5 47. R6c4 Ba5 48. Rc5 Bb6 49. Rxd5 exd5 50. Rg1 Kc6 51. Rg3 Kd7 52.
Rf3 Ke7 53. Kb4 Ke8 54. a4 g5 55. a5 Ba7 56. Rf6 1-0

[Event "VIII Festival B"]
[Site "Amantea ITA"]
[Date "2010.09.01"]
[Round "4"]
[White "Vespe Roccomaria, Antonio"]
[Black "Scalise, Sandro"]
[Result "1/2-1/2"]
[WhiteElo "1329"]
[BlackElo "1758"]
[PlyCount "44"]
[EventDate "2010.08.29"]

1. d4 Nf6 2. c4 c5 3. d5 b5 4. Nc3 b4 5. Nb1 g6 6. Bg5 Bg7 7. Nd2 O-O 8. e4 d6
9. Ngf3 Na6 10. Bd3 Ng4 11. Bf4 Bxb2 12. Rb1 Bg7 13. Qe2 Nc7 14. Nb3 e6 15. Na5
exd5 16. Nc6 Qd7 17. cxd5 Re8 18. e5 dxe5 19. Nfxe5 Nxe5 20. Bxe5 Qxd5 21. Be4
Ba6 22. Bxd5 Bxe2 1/2-1/2

[Event "VIII Festival B"]
[Site "Amantea ITA"]
[Date "2010.09.01"]
[Round "4"]
[White "Violi, Vincenzo"]
[Black "Pelyushenko, Anton"]
[Result "1-0"]
[WhiteElo "1725"]
[BlackElo "1845"]
[PlyCount "51"]
[EventDate "2010.08.29"]

1. e4 d6 2. d4 c6 3. Nc3 Nf6 4. Bg5 Nbd7 5. f4 g6 6. Qd2 e6 7. e5 Bg7 8. exf6
Bxf6 9. Bxf6 Qxf6 10. Nf3 Nb6 11. O-O-O Nc4 12. Bxc4 b5 13. Bb3 a5 14. a4 b4
15. Ne4 Qe7 16. Rhe1 d5 17. Nc5 f6 18. g4 h6 19. Qe3 Kf7 20. f5 gxf5 21. gxf5
Kg7 22. Nh4 Rg8 23. Ng6 Qf7 24. Rg1 Kh7 25. fxe6 Qe8 26. Nf4 1-0

[Event "VIII Festival B"]
[Site "Amantea ITA"]
[Date "2010.09.01"]
[Round "4"]
[White "Zampaglione, Francesco"]
[Black "Dall'Aglio, Stefano"]
[Result "1-0"]
[WhiteElo "1467"]
[BlackElo "1380"]
[PlyCount "87"]
[EventDate "2010.08.29"]

1. d4 d5 2. Nf3 Nc6 3. e3 Nf6 4. Bb5 Bd7 5. O-O e6 6. Nbd2 Bd6 7. Re1 O-O 8. e4
Re8 9. e5 Be7 10. exf6 Bxf6 11. Ne5 a6 12. Bxc6 bxc6 13. Nxd7 Qxd7 14. Nf3 Rab8
15. Ne5 Bxe5 16. Rxe5 Rb5 17. Qg4 Kf8 18. b3 c5 19. dxc5 Rxc5 20. Ba3 Qd6 21.
Bxc5 Qxc5 22. Qe2 Qd6 23. Rh5 h6 24. Qe5 Qxe5 25. Rxe5 f6 26. Re2 Kf7 27. Rc1
c5 28. h3 c4 29. bxc4 dxc4 30. Re4 f5 31. Rxc4 Rd8 32. Rb1 Rd7 33. Rb6 a5 34.
Rbc6 Kf6 35. Rc7 Rd2 36. Rc3 Rd1+ 37. Kh2 Ra1 38. Ra3 Rf1 39. f3 Rd1 40. Rxa5
g6 41. Raa7 Kg5 42. Re7 Kf6 43. f4 Rc1 44. Rf7# 1-0

[Event "VIII Festival B"]
[Site "Amantea ITA"]
[Date "2010.09.02"]
[Round "5"]
[White "Barca, Lorenzo"]
[Black "Caporale, Giuseppe Guido"]
[Result "0-1"]
[WhiteElo "1524"]
[BlackElo "1794"]
[PlyCount "102"]
[EventDate "2010.08.29"]

1. e4 c5 2. Nf3 d6 3. d4 cxd4 4. Nxd4 Nf6 5. Nc3 a6 6. f4 e5 7. Nf3 Nbd7 8. a4
Be7 9. Bc4 Qc7 10. Qe2 O-O 11. Be3 Nb6 12. Bb3 Be6 13. Bxe6 fxe6 14. fxe5 dxe5
15. O-O Nc4 16. Bc1 Nxb2 17. Bxb2 Qb6+ 18. Kh1 Qxb2 19. Qc4 Qb6 20. Rab1 Qc6
21. Qxc6 bxc6 22. Nxe5 c5 23. Nc6 Rfe8 24. Rb7 Bf8 25. Rfb1 c4 26. Ne5 Be7 27.
h3 Rac8 28. R7b6 Bc5 29. Rb7 Bd4 30. Nf7 Bxc3 31. Nd6 a5 32. Nxe8 Rxe8 33. Rc7
Nxe4 34. g4 Bb4 35. Kg2 e5 36. Rf1 Bd6 37. Ra7 Nd2 38. Rff7 Bf8 39. Rfd7 c3 40.
Rac7 e4 41. Kf2 e3+ 42. Ke2 Ne4 43. Rd3 Ng3+ 44. Ke1 h6 45. Rcd7 Re4 46. R7d4
Rxd4 47. Rxd4 Be7 48. Rd3 Bh4 49. Rxe3 Nf5+ 50. Ke2 Nxe3 51. Kxe3 Be7 0-1

[Event "VIII Festival B"]
[Site "Amantea ITA"]
[Date "2010.09.02"]
[Round "5"]
[White "Bevilacqua, Michele"]
[Black "Scovazzi, Tullio"]
[Result "1-0"]
[WhiteElo "1820"]
[BlackElo "1753"]
[PlyCount "103"]
[EventDate "2010.08.29"]

1. e4 e5 2. d4 exd4 3. c3 d3 4. Qxd3 d6 5. Nf3 Nc6 6. Na3 Be7 7. Be2 Nf6 8. h3
O-O 9. Be3 Be6 10. Ng5 Ne5 11. Qc2 c6 12. f4 Ng6 13. f5 Nh4 14. fxe6 Nxg2+ 15.
Kf2 Nxe3 16. Kxe3 d5 17. exf7+ Kh8 18. Rad1 h6 19. Ne6 Qb6+ 20. Kd2 Nxe4+ 21.
Kc1 Rxf7 22. Qd3 Nf2 23. Qg6 Qe3+ 24. Kb1 Bf6 25. Qxf7 Nxh1 26. Bd3 Nf2 27. Nc2
Qf3 28. Rg1 Rg8 29. Bg6 Nxh3 30. Rc1 Nf4 31. Ne1 Qg3 32. Nxf4 Qxf4 33. Nd3 Qg3
34. Bf5 Qg5 35. Bg6 d4 36. Re1 Qd5 37. Qxd5 cxd5 38. cxd4 b6 39. Nf4 Rd8 40.
Nxd5 Kg8 41. Nxf6+ gxf6 42. Re8+ Rxe8 43. Bxe8 f5 44. Bh5 Kg7 45. Kc2 Kf6 46.
Kd3 Ke6 47. Kc4 a6 48. a4 b5+ 49. axb5 axb5+ 50. Kc5 f4 51. Bg4+ Kf6 52. d5 1-0

[Event "VIII Festival B"]
[Site "Amantea ITA"]
[Date "2010.09.02"]
[Round "5"]
[White "Carbone, Stefano"]
[Black "Pelyushenko, Vladyslav"]
[Result "1-0"]
[WhiteElo "1885"]
[BlackElo "1771"]
[PlyCount "119"]
[EventDate "2010.08.29"]

1. g3 d5 2. Bg2 c6 3. Nf3 Nf6 4. d3 Nbd7 5. O-O e5 6. Nbd2 Bd6 7. e4 O-O 8. b3
Re8 9. Bb2 Nf8 10. h3 Ng6 11. Re1 Qb6 12. Qe2 Qc7 13. exd5 cxd5 14. c4 d4 15.
Ng5 Bd7 16. Nge4 Nxe4 17. Nxe4 Bb4 18. Red1 Bc6 19. a3 Bf8 20. b4 f5 21. Ng5
Be7 22. Nf3 Bf6 23. b5 Bxf3 24. Qxf3 e4 25. Qxf5 e3 26. Qd5+ Kh8 27. Qxb7 exf2+
28. Kxf2 Qe5 29. Re1 Qf5+ 30. Qf3 Qg5 31. Bc1 Qc5 32. Qd5 Qf8 33. Qf5 Rxe1 34.
Kxe1 Re8+ 35. Be4 Re5 36. Qf3 Qc8 37. Qg4 Qe8 38. Kd1 Nf8 39. Bd2 Ne6 40. Bf4
Nxf4 41. Qxf4 Qh5+ 42. Qg4 Qxg4+ 43. hxg4 Rg5 44. Ke2 Rxg4 45. Kf3 Rg5 46. a4
Be5 47. g4 Bd6 48. Rh1 g6 49. a5 Re5 50. b6 axb6 51. axb6 Re8 52. b7 Rf8+ 53.
Ke2 Bg3 54. Bf3 Re8+ 55. Kd1 Rf8 56. Be4 Rf2 57. c5 Ra2 58. Rh3 Bf4 59. Rf3 g5
60. Rxf4 1-0

[Event "VIII Festival B"]
[Site "Amantea ITA"]
[Date "2010.09.02"]
[Round "5"]
[White "Cicero, Angelo"]
[Black "Vespe Roccomaria, Antonio"]
[Result "1-0"]
[WhiteElo "1422"]
[BlackElo "1329"]
[PlyCount "95"]
[EventDate "2010.08.29"]

1. e4 e6 2. d4 d5 3. e5 Ne7 4. Nf3 g6 5. Bg5 Bg7 6. c3 Nbc6 7. Bb5 Bd7 8. O-O
O-O 9. a3 a6 10. Ba4 b5 11. Bc2 Na5 12. b4 Nc4 13. Nbd2 h6 14. Bh4 g5 15. Bg3
Nxd2 16. Nxd2 f6 17. exf6 Rxf6 18. h4 Nf5 19. Bxf5 Rxf5 20. Qh5 Be8 21. Qg4 h5
22. Qe2 Bf7 23. Nf3 g4 24. Nh2 Qe8 25. f3 e5 26. fxg4 Rxf1+ 27. Rxf1 exd4 28.
Qxe8+ Rxe8 29. cxd4 Bxd4+ 30. Kh1 Be5 31. Bxe5 Rxe5 32. g5 d4 33. Nf3 Rd5 34.
Rd1 Be6 35. Rxd4 Rxd4 36. Nxd4 Bd5 37. Kh2 a5 38. Nxb5 axb4 39. axb4 c6 40. Nc7
Be4 41. Kg3 Kg7 42. Kf2 Kg6 43. g3 Kf5 44. Ne8 Ke5 45. Ke3 Kd5 46. Nf6+ Kc4 47.
Nxe4 Kxb4 48. g6 1-0

[Event "VIII Festival B"]
[Site "Amantea ITA"]
[Date "2010.09.02"]
[Round "5"]
[White "De Luca, Alessio"]
[Black "Fariselli, Umberto"]
[Result "1-0"]
[WhiteElo "1416"]
[BlackElo "1458"]
[PlyCount "96"]
[EventDate "2010.08.29"]

1. d4 d5 2. c4 e6 3. Nc3 c6 4. Nf3 Nd7 5. a3 Ngf6 6. Bg5 Be7 7. e3 b6 8. b4 Ba6
9. b5 cxb5 10. cxb5 Bb7 11. Rc1 Bxa3 12. Rc2 Bb4 13. Qa1 h6 14. Bxf6 Nxf6 15.
Be2 Ne4 16. O-O Rc8 17. Rfc1 Bxc3 18. Rxc3 Rxc3 19. Rxc3 Nxc3 20. Qxc3 O-O 21.
h3 Qc8 22. Qa3 Qb8 23. Ne5 Bc8 24. Nc6 Qc7 25. Ne7+ Kh8 26. Nxd5 Qd8 27. Nc7
Kg8 28. Qxa7 Qd6 29. Bf3 Rd8 30. Na8 Rd7 31. Qxb6 Qxb6 32. Nxb6 Rd8 33. Na8 Bd7
34. b6 Rb8 35. b7 Kf8 36. Nc7 Ke7 37. Na6 Rxb7 38. Bxb7 Bb5 39. f3 Kd7 40. Nc5+
Kc7 41. e4 g6 42. Ba6 Bc6 43. Kf2 Kb6 44. Ke3 f6 45. Bd3 e5 46. Ne6 exd4+ 47.
Nxd4 Bd7 48. f4 Kc7 1-0

[Event "VIII Festival B"]
[Site "Amantea ITA"]
[Date "2010.09.02"]
[Round "5"]
[White "De Marinis, Marcello"]
[Black "Ielapi, Vito"]
[Result "1-0"]
[WhiteElo "1774"]
[BlackElo "1829"]
[PlyCount "47"]
[EventDate "2010.08.29"]

1. a3 b6 2. c4 Bb7 3. Nc3 Nf6 4. d3 d5 5. cxd5 Nxd5 6. Nf3 e6 7. e3 Be7 8. Be2
O-O 9. O-O c5 10. Bd2 Nd7 11. e4 N5f6 12. Rc1 h6 13. h3 Bd6 14. Nb5 Bb8 15. Qc2
a6 16. Nc3 Qc7 17. Bd1 Nh7 18. Ne2 Ndf6 19. Bf4 Qe7 20. Ne5 Rd8 21. Qc3 Ba7 22.
Ng3 Nd7 23. Ng4 g5 24. Nxh6+ 1-0

[Event "VIII Festival B"]
[Site "Amantea ITA"]
[Date "2010.09.02"]
[Round "5"]
[White "De Rasis, Giovanni"]
[Black "Paragliola, Gennaro"]
[Result "1/2-1/2"]
[WhiteElo "1866"]
[BlackElo "1598"]
[PlyCount "52"]
[EventDate "2010.08.29"]

1. d4 Nf6 2. c4 d6 3. Nc3 g6 4. e4 Bg7 5. Be2 O-O 6. f4 c5 7. d5 Nbd7 8. Nf3 e5
9. O-O a6 10. fxe5 dxe5 11. Be3 b6 12. Kh1 Bb7 13. Qd2 Ng4 14. Bg5 f6 15. Be3
Nxe3 16. Qxe3 f5 17. exf5 gxf5 18. Qf2 Kh8 19. Nh4 f4 20. Ne4 Nf6 21. Bf3 Nxe4
22. Bxe4 Qg5 23. Nf3 Qh5 24. Nd2 Rf6 25. Bf3 Qf7 26. Ne4 Rh6 1/2-1/2

[Event "VIII Festival B"]
[Site "Amantea ITA"]
[Date "2010.09.02"]
[Round "5"]
[White "Gregori, Giacomo"]
[Black "Serratore, Vincenzo"]
[Result "1-0"]
[WhiteElo "1802"]
[BlackElo "1881"]
[PlyCount "155"]
[EventDate "2010.08.29"]

1. e4 e5 2. Nf3 Nc6 3. Bc4 Bc5 4. c3 Qe7 5. O-O Bb6 6. d4 Nf6 7. Re1 O-O 8. d5
Nb8 9. a4 Bxf2+ 10. Kxf2 Qc5+ 11. Kf1 Qxc4+ 12. Kg1 Qc5+ 13. Be3 Qe7 14. Nbd2
d6 15. Bg5 Bg4 16. Nc4 h6 17. Bxf6 Qxf6 18. Rf1 Qe7 19. Ne3 Bd7 20. Qd3 a5 21.
Nd2 Qe8 22. Nf5 Kh7 23. Qg3 g6 24. Ne3 f5 25. exf5 gxf5 26. Qh4 f4 27. Ng4 Qg6
28. Nf2 Na6 29. Nfe4 Rf7 30. Kh1 Bf5 31. Rae1 Rg8 32. Rf2 Bd7 33. Nf3 Rf5 34.
b3 Rgf8 35. Rfe2 b6 36. Qe7+ Qf7 37. Qh4 Kg7 38. Rd1 Rh5 39. Qf2 Bf5 40. Nfd2
Qg6 41. Rc1 Nc5 42. Nxc5 bxc5 43. b4 Qe8 44. bxc5 Qxa4 45. cxd6 cxd6 46. Qa7+
Rf7 47. Qb6 Qa3 48. Ree1 Bd3 49. Qf2 e4 50. Qd4+ Re5 51. c4 Kg6 52. c5 Qb4 53.
Qxb4 axb4 54. cxd6 e3 55. Nf3 Rxd5 56. Rc6 Kf5 57. Rb6 Bb5 58. Rxb5 Rxb5 59.
Nd4+ Ke5 60. Nxb5 Ke4 61. Kg1 Rd7 62. Rb1 Kd5 63. Rxb4 Kc5 64. Rb2 h5 65. Kf1
Rg7 66. Rb1 Kc6 67. Nd4+ Kd5 68. Rd1 Rd7 69. Ke2 Ke4 70. Nc6 h4 71. Rd4+ Kf5
72. Nb8 Rd8 73. d7 Rxb8 74. d8=Q Rxd8 75. Rxd8 Kg4 76. Rg8+ Kf5 77. h3 Ke4 78.
Rg4 1-0

[Event "VIII Festival B"]
[Site "Amantea ITA"]
[Date "2010.09.02"]
[Round "5"]
[White "Manfroi, Andrea"]
[Black "Palermiti, Francesco"]
[Result "1-0"]
[WhiteElo "1703"]
[BlackElo "1470"]
[PlyCount "73"]
[EventDate "2010.08.29"]

1. e4 c5 2. Nf3 g6 3. d4 cxd4 4. Qxd4 Nf6 5. Bc4 Nc6 6. Qc3 d6 7. Bg5 e5 8. Qb3
Qe7 9. Nc3 Be6 10. Bxe6 fxe6 11. Bxf6 Qxf6 12. Qxb7 Qd8 13. Qxc6+ Kf7 14. Qb7+
Kf6 15. O-O Bh6 16. Rad1 Qb6 17. Qxb6 axb6 18. Rxd6 Rab8 19. Nd5+ Kf7 20. Nxe5+
Kg7 21. Rxe6 Rbe8 22. Rxe8 Rxe8 23. Ng4 Rxe4 24. Nxh6 Kxh6 25. Nc3 Rc4 26. g3
b5 27. Nxb5 Rxc2 28. Rb1 Kg5 29. a4 h5 30. a5 Rc5 31. a6 Rxb5 32. Ra1 Rb8 33.
a7 Ra8 34. b4 Kf6 35. b5 Ke7 36. b6 Kd7 37. Rc1 1-0

[Event "VIII Festival B"]
[Site "Amantea ITA"]
[Date "2010.09.02"]
[Round "5"]
[White "Mazzuca, Aldo"]
[Black "Alagia, Pietro"]
[Result "0-1"]
[WhiteElo "1404"]
[BlackElo "1673"]
[PlyCount "46"]
[EventDate "2010.08.29"]

1. e4 d5 2. exd5 Qxd5 3. Nc3 Qd8 4. b3 g6 5. Bb2 Bg7 6. Bc4 Nf6 7. f3 O-O 8.
Qe2 Nbd7 9. O-O-O Nb6 10. Bd3 a5 11. g4 a4 12. h4 axb3 13. axb3 Nfd5 14. Nxd5
Bxb2+ 15. Kxb2 Nxd5 16. Qh2 Nb4 17. Be4 Qd4+ 18. c3 Ra2+ 19. Kb1 Qa7 20. cxb4
Qa3 21. d3 Qxb3+ 22. Kc1 Qc3+ 23. Kb1 Ra1# 0-1

[Event "VIII Festival B"]
[Site "Amantea ITA"]
[Date "2010.09.02"]
[Round "5"]
[White "Mercuri, Delia"]
[Black "Rametta, Marcello"]
[Result "0-1"]
[WhiteElo "1499"]
[BlackElo "1778"]
[PlyCount "102"]
[EventDate "2010.08.29"]

1. e4 c5 2. c3 e6 3. Nf3 d5 4. exd5 Qxd5 5. d4 cxd4 6. Qxd4 Nf6 7. c4 Qe4+ 8.
Be3 Nc6 9. Qxe4 Nxe4 10. Bd3 Bb4+ 11. Nbd2 Nxd2 12. Nxd2 Ne5 13. Be2 Bd7 14.
O-O O-O 15. Ne4 Bc6 16. Nc5 Rac8 17. Nd3 Bd6 18. c5 Bb8 19. Nb4 Be4 20. f4 Nd7
21. Rac1 a5 22. Nd3 Nf6 23. Nf2 Bc6 24. Rfd1 Nd5 25. Bd2 Nxf4 26. Bf1 Bc7 27.
a3 Rfd8 28. Be3 Nd5 29. Bg5 f6 30. Bd2 b6 31. b4 axb4 32. axb4 bxc5 33. bxc5
Be5 34. Ba5 Re8 35. Ne4 Ne3 36. Re1 Bxe4 37. Bb5 Bc6 38. Bxc6 Rxc6 39. Bb6 Nd5
40. Rb1 Bd4+ 41. Kf1 Bxc5 42. Bxc5 Rxc5 43. Ra1 Rc2 44. Ra5 Nf4 45. g3 Nd3 46.
Re3 Ne5 47. Rb3 Rd8 48. Ra1 Nd3 49. Rbb1 Nc5 50. h4 Ne4 51. Ra3 Nd2+ 0-1

[Event "VIII Festival B"]
[Site "Amantea ITA"]
[Date "2010.09.02"]
[Round "5"]
[White "Michienzi, Marco"]
[Black "Nicoletta, Oscare"]
[Result "1-0"]
[WhiteElo "1434"]
[BlackElo "1305"]
[PlyCount "43"]
[EventDate "2010.08.29"]

1. d4 d5 2. Nc3 Nf6 3. g3 e6 4. e3 Bd6 5. Nf3 O-O 6. Bg2 Ne4 7. Bd2 Nc6 8. a3
Na5 9. b3 Qe7 10. Nxe4 dxe4 11. Bxa5 exf3 12. Bxf3 e5 13. e4 Bxa3 14. dxe5 Bb4+
15. c3 b6 16. Bxb4 Qxe5 17. Rc1 a5 18. Bxf8 Kxf8 19. Qd8+ Qe8 20. Qxe8+ Kxe8
21. e5 Be6 22. Bxa8 1-0

[Event "VIII Festival B"]
[Site "Amantea ITA"]
[Date "2010.09.02"]
[Round "5"]
[White "Mileo, Miguelito"]
[Black "Grudina, Marco"]
[Result "0-1"]
[WhiteElo "1647"]
[BlackElo "1866"]
[PlyCount "68"]
[EventDate "2010.08.29"]

1. d4 d5 2. Bf4 Nf6 3. e3 e6 4. Nf3 c5 5. c3 Bd6 6. Ne5 O-O 7. Nd2 Qc7 8. Bg3
Nbd7 9. f4 b6 10. Bb5 a6 11. Bd3 Bb7 12. Ndf3 Rfe8 13. Nxd7 Nxd7 14. Bxh7+ Kxh7
15. Ng5+ Kg8 16. Qh5 Nf6 17. Qh3 Qe7 18. O-O-O Qf8 19. Nf3 g6 20. Ne5 Kg7 21.
Bh4 Qe7 22. Ng4 Rh8 23. Bxf6+ Qxf6 24. Nxf6 Rxh3 25. gxh3 Kxf6 26. Rhg1 Rh8 27.
Rg3 a5 28. Rd2 Ba6 29. Rf2 Bd3 30. Kd2 c4 31. a4 Bb1 32. Rf1 Be4 33. Rf2 Kg7
34. Rf1 Be7 0-1

[Event "VIII Festival B"]
[Site "Amantea ITA"]
[Date "2010.09.02"]
[Round "5"]
[White "Pelyushenko, Anton"]
[Black "Greco, Simone"]
[Result "1-0"]
[WhiteElo "1845"]
[BlackElo "1614"]
[PlyCount "113"]
[EventDate "2010.08.29"]

1. Nf3 Nf6 2. g3 g6 3. d4 Bg7 4. c4 O-O 5. Nc3 d6 6. e4 Nbd7 7. Bg2 e5 8. d5
Nc5 9. Qe2 c6 10. b4 Ncd7 11. O-O cxd5 12. cxd5 Nb6 13. a4 a5 14. b5 Qc7 15.
Bd2 Nfd7 16. Rac1 Nc5 17. Na2 Qd8 18. Rxc5 dxc5 19. Rc1 f5 20. exf5 Bxf5 21.
Nxe5 Re8 22. f4 Nxa4 23. Qc4 Nb6 24. Qxc5 Bxe5 25. fxe5 Rc8 26. Qd4 Rxc1+ 27.
Nxc1 Nd7 28. e6 Qb6 29. Qxb6 Nxb6 30. Bxa5 Nc4 31. Bc7 b6 32. Nb3 Ne3 33. Bh1
Bd3 34. d6 Rf8 35. Nd2 Bxb5 36. d7 Nf5 37. d8=Q Rxd8 38. Bxd8 Kf8 39. Ne4 Bc6
40. Bxb6 Ke7 41. Ng5 Bxh1 42. Kxh1 h6 43. Bc5+ Kf6 44. g4 Ne7 45. Nf7 Ng8 46.
Nd8 Ne7 47. Kg2 Nc8 48. Nf7 h5 49. gxh5 gxh5 50. Nd8 Ne7 51. Kg3 Nf5+ 52. Kf4
Ne7 53. Bxe7+ Kxe7 54. Ke5 Kxd8 55. Kd6 Ke8 56. e7 h4 57. h3 1-0

[Event "VIII Festival B"]
[Site "Amantea ITA"]
[Date "2010.09.02"]
[Round "5"]
[White "Salvaggio, Salvatore"]
[Black "Vesce, Emanuele"]
[Result "1-0"]
[WhiteElo "1823"]
[BlackElo "1735"]
[PlyCount "143"]
[EventDate "2010.08.29"]

1. d4 Nf6 2. c4 e5 3. d5 Bc5 4. Nc3 d6 5. e3 O-O 6. Bd3 Qe7 7. Qc2 Nbd7 8. Bd2
a6 9. h3 Bb6 10. Nge2 Nc5 11. Ng3 Nxd3+ 12. Qxd3 Re8 13. e4 h6 14. Be3 Bxe3 15.
Qxe3 Nh7 16. h4 Rb8 17. b4 Nf6 18. f3 b6 19. Qf2 Bd7 20. Nge2 Nh5 21. g4 Nf4
22. Nxf4 exf4 23. Qd4 f6 24. O-O-O Qe5 25. Ne2 b5 26. Qxe5 fxe5 27. c5 dxc5 28.
bxc5 c6 29. Rd2 b4 30. Rb2 Rb5 31. Rc2 Rc8 32. d6 a5 33. Kd2 Rcb8 34. Rb1 b3
35. axb3 Rxb3 36. Rxb3 Rxb3 37. Nc3 Rb7 38. Ra2 Ra7 39. Na4 Be6 40. Ra3 Kf7 41.
Kc3 Ke8 42. Ra1 Rb7 43. Nb6 Ra7 44. Rb1 a4 45. Nc4 a3 46. Nxe5 Ra8 47. d7+ Bxd7
48. Nxd7 Kxd7 49. Rd1+ Ke7 50. Kb3 a2 51. Kb2 Ra5 52. Rc1 a1=Q+ 53. Rxa1 Rb5+
54. Kc3 Rxc5+ 55. Kd4 Rb5 56. Ra3 Rb7 57. Rc3 Rc7 58. Kc5 Kd7 59. Rd3+ Kc8 60.
Rd6 Kb7 61. e5 Re7 62. e6 Rc7 63. Rd4 g5 64. hxg5 hxg5 65. Rb4+ Ka8 66. Rb6 Ra7
67. Kxc6 Ra3 68. e7 Rc3+ 69. Kd7 Ka7 70. Re6 Rc5 71. e8=Q Rc7+ 72. Kd6 1-0

[Event "VIII Festival B"]
[Site "Amantea ITA"]
[Date "2010.09.02"]
[Round "5"]
[White "Sansosti, Simona"]
[Black "Martino, Giovanni"]
[Result "0-1"]
[WhiteElo "1410"]
[BlackElo "1536"]
[PlyCount "66"]
[EventDate "2010.08.29"]

1. d4 Nf6 2. Nf3 g6 3. e3 Bg7 4. Nbd2 d6 5. h3 O-O 6. Bd3 c5 7. c3 Nc6 8. O-O
cxd4 9. Nxd4 a6 10. Re1 e5 11. Nxc6 bxc6 12. e4 a5 13. c4 Nd7 14. Nf3 Nc5 15.
Bc2 f5 16. Bg5 Qc7 17. Nd2 f4 18. f3 h6 19. Bh4 g5 20. Bf2 Ne6 21. b3 h5 22.
Rc1 c5 23. Nb1 Nd4 24. Bxd4 exd4 25. Bd3 Be5 26. Na3 Qg7 27. Re2 g4 28. hxg4
hxg4 29. fxg4 Bxg4 30. Qe1 Bxe2 31. Bxe2 f3 32. Bxf3 Rxf3 33. Qe2 Raf8 0-1

[Event "VIII Festival B"]
[Site "Amantea ITA"]
[Date "2010.09.02"]
[Round "5"]
[White "Scalise, Sandro"]
[Black "Grasso, Francesco"]
[Result "1/2-1/2"]
[WhiteElo "1758"]
[BlackElo "1488"]
[PlyCount "50"]
[EventDate "2010.08.29"]

1. d4 Nf6 2. Nf3 d5 3. Bf4 e6 4. e3 Be7 5. Bd3 b6 6. c3 O-O 7. Nbd2 Bb7 8. O-O
Nbd7 9. a4 Nh5 10. Qc2 Nhf6 11. a5 c5 12. axb6 c4 13. Be2 axb6 14. Ne5 b5 15.
b3 Nxe5 16. dxe5 Nd7 17. e4 f6 18. exd5 exd5 19. e6 Nc5 20. Bg4 Nd3 21. Be3 Bc5
22. Bxc5 Nxc5 23. Rxa8 Bxa8 24. Re1 Qe7 25. Re3 g6 1/2-1/2

[Event "VIII Festival B"]
[Site "Amantea ITA"]
[Date "2010.09.02"]
[Round "5"]
[White "Stoja, Rocco"]
[Black "Violi, Vincenzo"]
[Result "1/2-1/2"]
[WhiteElo "1820"]
[BlackElo "1725"]
[PlyCount "46"]
[EventDate "2010.08.29"]

1. e4 c5 2. d3 a6 3. f4 e6 4. Be2 d6 5. Nf3 Nf6 6. O-O Nbd7 7. Qe1 Be7 8. Kh1
b6 9. Rg1 Bb7 10. Nc3 Qc7 11. a3 h5 12. Nh4 O-O-O 13. Bf3 Ng4 14. h3 Rdg8 15.
g3 Nh6 16. Qf2 g6 17. Be3 f5 18. d4 fxe4 19. Nxe4 Nf5 20. dxc5 Nxc5 21. Nxc5
bxc5 22. Nxf5 gxf5 23. b4 h4 1/2-1/2

[Event "VIII Festival B"]
[Site "Amantea ITA"]
[Date "2010.09.02"]
[Round "5"]
[White "Tricomi, Massimo"]
[Black "Carlomagno, Vincenzo"]
[Result "1/2-1/2"]
[WhiteElo "1890"]
[BlackElo "1851"]
[PlyCount "82"]
[EventDate "2010.08.29"]

1. b4 e6 2. Bb2 Nf6 3. b5 d5 4. e3 Be7 5. Nf3 Nbd7 6. c4 c6 7. Be2 O-O 8. O-O
Re8 9. d4 cxb5 10. cxb5 b6 11. Nbd2 Bb7 12. a4 a6 13. Qb3 Qb8 14. h3 Rc8 15.
Rfc1 Ne4 16. Rxc8+ Qxc8 17. Rc1 Qd8 18. Nxe4 dxe4 19. Nd2 a5 20. Ba3 Bxa3 21.
Qxa3 Nf6 22. Nc4 Rc8 23. Ne5 Rxc1+ 24. Qxc1 Qc8 25. Qxc8+ Bxc8 26. Nc4 Nd5 27.
Nd6 Bd7 28. Nc4 Kf8 29. f3 Ke7 30. Kf2 f5 31. fxe4 fxe4 32. Bd1 Be8 33. Bc2 Bg6
34. Ne5 Nf6 35. g4 Kd6 36. g5 Nd5 37. Nxg6 hxg6 38. Bxe4 Nc3 39. Bc2 Kd5 40.
Bb3+ Ke4 41. Bc2+ Kd5 1/2-1/2

[Event "VIII Festival B"]
[Site "Amantea ITA"]
[Date "2010.09.02"]
[Round "5"]
[White "Valotta, Massimiliano"]
[Black "Carbone, Edoardo"]
[Result "1-0"]
[WhiteElo "1863"]
[BlackElo "1614"]
[PlyCount "83"]
[EventDate "2010.08.29"]

1. d4 Nf6 2. c4 e6 3. Nc3 Bb4 4. Qb3 Bxc3+ 5. Qxc3 b6 6. e3 Bb7 7. f3 O-O 8.
Bd3 d5 9. b3 Nbd7 10. Ne2 Re8 11. O-O c5 12. Bb2 Rc8 13. Rfd1 cxd4 14. Nxd4 Nc5
15. Be2 a6 16. g4 h6 17. a4 Qc7 18. Rac1 dxc4 19. Bxc4 Qb8 20. e4 Qf4 21. Ne2
Qg5 22. Qd2 Rcd8 23. Qxg5 hxg5 24. Bxf6 gxf6 25. Ng3 Kg7 26. Kf2 a5 27. Ke3 Kg6
28. Rxd8 Rxd8 29. Rc2 Rd1 30. Rd2 Rxd2 31. Kxd2 Bc8 32. Kc3 e5 33. Bb5 Be6 34.
Bc4 Bd7 35. Nf5 Be6 36. Ne7+ Kg7 37. Nd5 Bxd5 38. Bxd5 Kf8 39. Kc4 Ke7 40. Kb5
Nd3 41. Bc4 Ne1 42. Be2 1-0

[Event "VIII Festival B"]
[Site "Amantea ITA"]
[Date "2010.09.03"]
[Round "6"]
[White "Alagia, Pietro"]
[Black "Mercuri, Delia"]
[Result "0-1"]
[WhiteElo "1673"]
[BlackElo "1499"]
[PlyCount "84"]
[EventDate "2010.08.29"]

1. d4 d5 2. Nf3 Nf6 3. g3 e6 4. Bg2 Bd6 5. O-O O-O 6. Nc3 c6 7. Re1 Ne4 8. Nxe4
dxe4 9. Nd2 f5 10. Nc4 Bc7 11. c3 Nd7 12. f4 Nf6 13. Ne5 Qe7 14. Bh3 Rd8 15.
Qb3 Kh8 16. Bxf5 Bxe5 17. fxe5 exf5 18. exf6 Qxf6 19. Bf4 Qe7 20. Rad1 Be6 21.
c4 Qf7 22. Qe3 Bxc4 23. b3 Bd5 24. Be5 Kg8 25. Rf1 Qe6 26. Qg5 g6 27. Qh6 Rd7
28. Rf4 Rf8 29. Rdf1 Rff7 30. Rh4 c5 31. e3 c4 32. bxc4 Bxc4 33. Rc1 b5 34. Qg5
Kf8 35. Rh6 Ke8 36. Qh4 a5 37. Qh3 a4 38. a3 Qe7 39. Rf1 Qxa3 40. Re1 Qc3 41.
Rf1 Bxf1 42. Qxf1 Qxe3+ 0-1

[Event "VIII Festival B"]
[Site "Amantea ITA"]
[Date "2010.09.03"]
[Round "6"]
[White "Caporale, Giuseppe Guido"]
[Black "De Marinis, Marcello"]
[Result "1-0"]
[WhiteElo "1794"]
[BlackElo "1774"]
[PlyCount "59"]
[EventDate "2010.08.29"]

1. e4 d6 2. d4 Nf6 3. Nd2 g6 4. Ngf3 Bg7 5. Be2 O-O 6. O-O Nbd7 7. Re1 e5 8. c3
c6 9. a4 a5 10. Qc2 Nh5 11. Nc4 Qc7 12. Be3 c5 13. dxe5 dxe5 14. Rad1 Nf4 15.
Bxf4 exf4 16. Nd6 Ne5 17. Nxc8 Raxc8 18. Rd5 Qe7 19. Red1 g5 20. Nxe5 Bxe5 21.
Rd7 Qe6 22. Rxb7 Rcd8 23. h3 Qc8 24. Qb3 Rxd1+ 25. Bxd1 Qc6 26. Bh5 c4 27. Qb5
Qxe4 28. Bf3 Qe1+ 29. Kh2 Bd6 30. Qxg5+ 1-0